000 00751nam a2200265 a 4500
001 15119
003 BD-RjUL
005 20211208235743.0
008 140209s1959 nyua b 001 0 eng
035 _a(BD-RjUL)15173
035 _a(OCoLC)2513818
040 _aDLC
_cAJacT
_dOCoLC
_dDLC
_dBD-RjUL
_beng
041 _aeng
082 _a631.522
_bPOB 1959
100 1 _aPoehlman, John Milton,
_d1910-
_947054
245 1 0 _aBreeding field crops /
_cLine drawings by Hannah T. Croasdale.
260 _aNew York :
_bHolt,
_c1959
300 _a427 p. :
_billus. ;
_c26 cm.
504 _aIncludes bibliography.
650 0 _aField crops.
_947055
650 0 _aPlant breeding.
_947056
942 _2ddc
_cBK
999 _c15119
_d15119